| 000 | 00359nam a2200109Ia 4500 | ||
|---|---|---|---|
| 008 | 171211s9999 xx 000 0 und d | ||
| 245 | 4 | _aThe Age of Perversion: Desire and Technology in Psychoanalysis and Culture | |
| 245 | _cDanielle Knafo and Rocco Lo Bosco | ||
| 260 | _c2016 | ||
| 650 | _xPSYCHOLOGY | ||
| 856 | _uhttp://down.ebook777.com/063/1138849219.pdf | ||
| 999 |
_c349257 _d349257 |
||